Dynamic probabilistic systems : Markov models
Αποθηκεύτηκε σε:
| Κύριος συγγραφέας: | |
|---|---|
| Μορφή: | Βιβλίο |
| Γλώσσα: | English |
| Δημοσίευση: |
Mineola, N.Y. :
Dover,
c2007
|
| Σειρά: | Dover books on mathematics
|
| Θέματα: | |
| Ετικέτες: |
Προσθήκη ετικέτας
Δεν υπάρχουν, Καταχωρήστε ετικέτα πρώτοι!
|
MARC
| LEADER | 00000nam a2200000 i 4500 | ||
|---|---|---|---|
| 001 | 1/53349 | ||
| 008 | 070831s2007 eng d | ||
| 020 | |a 978-0-486-45870-0 (v.1) | ||
| 020 | |a 0-486-45870-9 (v.1) | ||
| 020 | |a 978-0-486-45872-4 (v.2) | ||
| 020 | |a 0-486-45872-5 (v.2) | ||
| 035 | |l 10090262 | ||
| 040 | |a GR-MY-UA |b gre |e aacr | ||
| 041 | 0 | |a eng | |
| 082 | 0 | |a 519.233 |2 (22) | |
| 100 | 1 | |a Howard, Ronald A. | |
| 245 | 1 | 0 | |a Dynamic probabilistic systems : |b Markov models / |c Ronald A. Howard |
| 260 | |a Mineola, N.Y. : |b Dover, |c c2007 | ||
| 300 | |a 2τ.(τ.1: xiii, 576 σ., I-7 σ., τ.2: xiii, 577-1108 σ. Ι-12 σ.); |b σχ.; |c 24 εκ. | ||
| 490 | 1 | |a Dover books on mathematics | |
| 500 | |a T.1 : Markov models . τ.2 : Semi-Markov and decision processes | ||
| 504 | |a Περιλαμβάνει βιβλιογραφικές παραπομπές και ευρετήριο | ||
| 650 | 0 | 0 | |a Markov processes. |
| 650 | 0 | 0 | |a Statistical decision. |
| 830 | 0 | |a Dover books on mathematics | |
| 852 | |a INST |b CHIOS |e 20070831 |h 519.233 HOW |p 005200025568 |q 005200025568 |t BK |y 0 |z τ.1 | ||
| 852 | |a INST |b CHIOS |e 20080512 |h 519.233 HOW |p 005200027439 |q 005200027439 |t BK |y 0 |z τ.2 | ||
| 852 | |a INST |b CHIOS |e 20080415 |h 519.233 HOW |p 005200027448 |q 005200027448 |t BK |y 0 |z τ.1 | ||
| 852 | |a INST |b CHIOS |e 20070831 |h 519.233 HOW |p 005200025568 |q 005200025568 |t BK |v τ.1: |y 0 |z τ.1 | ||
| 852 | |a INST |b CHIOS |e 20080512 |h 519.233 HOW |p 005200027439 |q 005200027439 |t BK |v τ.2: |y 0 |z τ.2 | ||
| 852 | |a INST |b CHIOS |e 20080415 |h 519.233 HOW |p 005200027448 |q 005200027448 |t BK |v τ.1: |y 0 |z τ.1 | ||
| 853 | |a INST |b CHIOS |h 519.233 HOW | ||
| 901 | |a BIBL2-2007-2 | ||
| 901 | |a BIBL2-2008-1 | ||
| 909 | |a Χ |b 138898 | ||
| 909 | |a X |b 151591 | ||
| 909 | |a X |b 151718 | ||
| 922 | |a 2ΕΛΗ |b 200708 |c ΕΠΕΑΕΚ2/ΤΜΟΔ |d ΕΛΕΥΘΕΡΟΥΔΑΚΗΣ | ||
| 922 | |a 2ΕΛΗ |b 200803 |c ΕΠΕΑΕΚ2/ΤΜΟΔ |d ΠΑΠΑΣΩΤΗΡΙΟΥ | ||
| 922 | |a 2ΕΛΗ |b 200803 |c ΕΠΕΑΕΚ2/ΤΜΟΔ |d ΕΛΕΥΘΕΡΟΥΔΑΚΗΣ | ||
| 970 | |a ΒΑΣΙΛΑΚΗ |b ΝΙΚΗ |z 2007/08/31 | ||